Biggest Cities in EFTA Countries - Statistics

General Stats
  • This quiz has been taken 128 times
  • The average score is 12 of 20
Answer Stats
Pop Country City % Correct
666,759 Norway Oslo
100%
133,071 Switzerland Bern
99%
402,651 Switzerland Zürich
99%
198,899 Switzerland Geneva
95%
278,556 Norway Bergen
93%
122,198 Iceland Reykjavík
90%
170,968 Switzerland Basel
78%
190,464 Norway Trondheim
74%
137,771 Switzerland Lausanne
72%
132,729 Norway Stavanger
58%
74,541 Norway Tromsø
56%
81,583 Switzerland Lucerne
51%
89,268 Norway Kristiansand
43%
68,363 Norway Drammen
35%
75,477 Switzerland St. Gallen
32%
63,925 Switzerland Lugano
30%
109,750 Switzerland Winterthur
27%
80,121 Norway Fredrikstad
15%
124,008 Norway Bærum
11%
75,497 Norway Sandnes
8%
No matching quizzes found
Score Distribution
Percent of People with Each Score
Percentile by Number Answered
Your Score History
You have not taken this quiz